Normal view
MARC view
- Urdu Literature
Entry Topical Term
001 - CONTROL NUMBER
- control field: 110528
003 - CONTROL NUMBER IDENTIFIER
- control field: NUST
005 - DATE AND TIME OF LATEST TRANSACTION
- control field: 20230317163034.0
008 - FIXED-LENGTH DATA ELEMENTS
- fixed length control field: 230317|| aca||aabn | a|a d
040 ## - CATALOGING SOURCE
- Original cataloging agency: NUST
- Transcribing agency: NUST
150 ## - HEADING--TOPICAL TERM
- Topical term or geographic name entry element: Urdu Literature
- General subdivision: Biography
670 ## - SOURCE DATA FOUND
- Source citation: Work cat.: (NUST)187860: Abbasi, Qamer Ali 110527, Dilli door hai /دلی دور ہے (Urdu) /, 1998
